|
|
|
|
| LEADER |
00000nam a2200000 i 4500 |
| 001 |
115639 |
| 003 |
CZ ZlUTB |
| 005 |
20260513095047.0 |
| 007 |
ta |
| 008 |
251210s2025 xr ab f f 000 0 cze |
| 015 |
|
|
|a cnb003724327
|
| 020 |
|
|
|a 978-80-909442-3-7
|q (Edukační laboratoř ;
|q brožováno)
|
| 040 |
|
|
|a OLA001
|b cze
|d ABA001
|e rda
|
| 041 |
1 |
|
|a cze
|h eng
|
| 072 |
|
7 |
|a 37
|x Výchova a vzdělávání
|2 Konspekt
|9 22
|
| 080 |
|
|
|a 37.091.3
|2 MRF
|
| 080 |
|
|
|a 159.953.5
|2 MRF
|
| 080 |
|
|
|a 37.091.3
|2 MRF
|
| 080 |
|
|
|a 37.02:159.9
|2 MRF
|
| 080 |
|
|
|a (035)
|2 MRF
|
| 100 |
1 |
|
|a Busch, Bradley
|7 ola20261285368
|4 aut
|
| 240 |
1 |
0 |
|a Teaching & learning illuminated.
|l Česky
|
| 245 |
1 |
0 |
|a Výuka & učení :
|b činnost učitele, proces učení (se) /
|c Busch, Watson, Bogatchek ; z anglického originálu Teaching & learning illuminated ... přeložila Jitka Šišáková
|
| 246 |
3 |
|
|a Výuka a učení
|
| 246 |
3 |
|
|a Výuka a učení v obrazech
|
| 246 |
1 |
4 |
|a Výuka & učení v obrazech
|
| 250 |
|
|
|a Vydání první
|
| 264 |
|
1 |
|a Praha :
|b ve spolupráci s nakladatelstvím Published vydala vzdělávací organizace Edukační laboratoř,
|c 2025
|
| 300 |
|
|
|a 171 stran :
|b ilustrace (převážně barevné), 1 mapa ;
|c 26 cm
|
| 336 |
|
|
|a text
|b txt
|2 rdacontent
|
| 337 |
|
|
|a bez média
|b n
|2 rdamedia
|
| 338 |
|
|
|a svazek
|b nc
|2 rdacarrier
|
| 500 |
|
|
|a Obsahuje QR kódy s přístupem k rozšiřujícím materiálům
|
| 504 |
|
|
|a Obsahuje bibliografii
|
| 650 |
0 |
7 |
|a studium a výuka
|7 ph136700
|2 czenas
|
| 650 |
0 |
7 |
|a učení
|7 ph126979
|2 czenas
|
| 650 |
0 |
7 |
|a vyučovací metody
|7 ph127294
|2 czenas
|
| 650 |
0 |
7 |
|a psychodidaktika
|7 ph814129
|2 czenas
|
| 650 |
0 |
9 |
|a study and teaching
|2 eczenas
|
| 650 |
0 |
9 |
|a learning
|2 eczenas
|
| 650 |
0 |
9 |
|a teaching methods
|2 eczenas
|
| 650 |
0 |
9 |
|a psychology of learning and instruction
|2 eczenas
|
| 655 |
|
7 |
|a příručky
|7 fd133209
|2 czenas
|
| 655 |
|
9 |
|a handbooks and manuals
|2 eczenas
|
| 700 |
1 |
|
|a Watson, Edward
|7 ola20261285371
|4 aut
|
| 700 |
1 |
|
|a Bogatchek, Ludmila
|7 hka20261285570
|4 aut
|
| 700 |
1 |
|
|a Šišáková, Jitka,
|d 1971-
|7 ola2003198079
|4 trl
|
| 910 |
|
|
|a ZLD002
|
| 928 |
9 |
|
|a Edukační laboratoř
|
| 928 |
9 |
|
|a Published
|
| 942 |
|
|
|2 udc
|
| 952 |
|
|
|0 0
|1 0
|4 0
|5 0
|6 37BUSCHB
|7 0
|8 BOOK
|9 191127
|a UTBZL
|b UTBZL
|c 005
|d 2026-05-13
|l 0
|o 37/BUSCH,B.
|p 420010202103
|r 2026-05-13 09:51:33
|v 359.00
|w 2026-05-13
|x N:nákup
|y 01
|
| 952 |
|
|
|0 0
|1 0
|4 0
|5 0
|6 37BUSCHB
|7 0
|8 BOOK
|9 191128
|a UTBZL
|b UTBZL
|c 006
|d 2026-05-13
|l 0
|o 37/BUSCH,B.
|p 420010202104
|r 2026-05-13 09:51:54
|v 359.00
|w 2026-05-13
|x N:nákup
|y 04
|
| 992 |
|
|
|a BK
|b SKNEW
|
| 999 |
|
|
|c 115639
|d 115639
|